00394 a2200109 4500001001000000005001700010008004100027245013900068100001800207773004200225999001700267ART_5707520260410161635.0260409a 10aResolución técnica 54. Normas Contables Profesionales: Norma Unificada Argentina de Contabilidad (Introducción y Primera Parte).1 aSuardi, Diana0 tEnfoquesg- N° 9 (sep. 2022)wREV416 c12786d12786